Southville International School and Colleges
Your cart is empty.
  • Cart
  • Lists
    Public lists Eva Luna New books Lux_list list_1
    Your lists Log in to create your own lists
  • Log in to your account
  • Your cookies
  • Search history
Southville International School and Colleges
  • Advanced search
  • Recent comments
  • Most popular
  • Libraries

Log in to your account

Log in with GOOGLE


If you do not have an external account, but do have a local account, you can still log in:

  1. Home
  2. MARC view: The revised penal code (criminal law) :
Normal view MARC view ISBD view

The revised penal code (criminal law) : (Record no. 17311)

[ view plain ]
MARC details
000 -LEADER
fixed length control field 00585nam a22001937a 4500
003 - CONTROL NUMBER IDENTIFIER
control field OSt
005 - DATE AND TIME OF LATEST TRANSACTION
control field 20140310182917.0
008 - FIXED-LENGTH DATA ELEMENTS--GENERAL INFORMATION
fixed length control field 130129t xxu||||| |||| 00| 0 eng d
020 ## - INTERNATIONAL STANDARD BOOK NUMBER
International Standard Book Number 9711603861
050 ## - LIBRARY OF CONGRESS CALL NUMBER
Classification number KPM 3794
Item number .R454 1996
082 ## - DEWEY DECIMAL CLASSIFICATION NUMBER
Classification number Fil 345
Item number R32 2002
110 ## - MAIN ENTRY--CORPORATE NAME
Corporate name or jurisdiction name as entry element CBSI Editorial Staff
9 (RLIN) 22343
245 ## - TITLE STATEMENT
Title The revised penal code (criminal law) :
Statement of responsibility, etc Act no.3815, as amended with complete updated related special laws /
260 ## - PUBLICATION, DISTRIBUTION, ETC. (IMPRINT)
Place of publication, distribution, etc Manila
Name of publisher, distributor, etc National Book Store
Date of publication, distribution, etc c1996.
300 ## - PHYSICAL DESCRIPTION
Extent 847 p. :
Dimensions 22 cm.
541 ## - IMMEDIATE SOURCE OF ACQUISITION NOTE
-- 1
562 ## - COPY AND VERSION IDENTIFICATION NOTE
Number of copies 1
942 ## - ADDED ENTRY ELEMENTS (KOHA)
Source of classification or shelving scheme Library of Congress Classification
Koha item type
Call number prefix
Holdings
Withdrawn status Lost status Source of classification or shelving scheme Damaged status Home library Current library Shelving location Date acquired Total Checkouts Total Renewals Full call number Barcode Date last seen Date checked out Copy number Price effective from Koha item type
    Library of Congress Classification   College Library College Library Filipiniana Section 01/29/2013 2 4 KPM 3794 .N793 1997 c4268 05/08/2018 03/07/2017 1 01/29/2013 Books

The revised penal code (criminal law) :

APA

CBSI Editorial Staff, . (1996). The revised penal code (criminal law). Manila: National Book Store.

Chicago

CBSI Editorial Staff, . 1996. The revised penal code (criminal law). Manila: National Book Store.

Harvard

CBSI Editorial Staff, . (1996). The revised penal code (criminal law). Manila: National Book Store.

MLA

CBSI Editorial Staff, . The revised penal code (criminal law). Manila: National Book Store. 1996.

  • Place hold
  • Print
  • Cite
  • Add to your cart (remove)
  • Save record
    BIBTEX Dublin Core MARCXML MARC (non-Unicode/MARC-8) MARC (Unicode/UTF-8) MARC (Unicode/UTF-8, Standard) MODS (XML) RIS
  • More searches
    Search for this title in:
    Other Libraries (WorldCat) Other Databases (Google Scholar) Online Stores (Bookfinder.com) Open Library (openlibrary.org)

Exporting to Dublin Core...

SOUTHVILLE LIBRARY

Southville International School and Colleges Library

1281 Tropical Ave. Cor. Luxembourg St., BF Homes International, Las Pinas City

Tel. No. 8256374 / 252358 Loc. 117/146

Powered by Koha